[Event "HUN-chop"]
[Site "Gyor"]
[Date "1990.??.??"]
[Round "7"]
[White "Zezulkin, Jurij"]
[Black "Piesina, Gintautas"]
[Result "1-0"]
[WhiteElo "2360"]
[BlackElo "2410"]

1.e4 c5 2.Nf3 d6 3.d4 cxd4 4.Nxd4 Nf6 5.Nc3 a6 6.Be3 e5 7.Nf3 Qc7 8.a4 Be7
9.a5 O-O 10.Be2 Qc6 11.Ra4 Be6 12.O-O h6 13.Nh4 Nbd7 14.Bf3 Rfe8 15.Qa1 Nc5
16.Rb4 Rad8 17.Rd1 Qc8 18.Nf5 Bxf5 19.exf5 Qxf5 20.Bxc5 dxc5 21.Rxb7 Rd4
22.Ne2 Rxd1+ 23.Qxd1 e4 24.Ng3 Qf4 25.Nh5 Nxh5 26.Bxh5 Rd8 27.Qe1 Qe5 28.Be2 e3
29.fxe3 Bg5 30.Bc4 Bxe3+ 31.Kh1  1-0

[Event "Mephisto (Women)"]
[Site "Hamburg"]
[Date "1990.??.??"]
[Round "4"]
[White "Trabert, Bettina"]
[Black "Heintze, Marion"]
[Result "0-1"]
[WhiteElo "2205"]
[BlackElo "2180"]

1.e4 c5 2.Nf3 d6 3.d4 cxd4 4.Nxd4 Nf6 5.Nc3 a6 6.Be3 e6 7.f3 Be7 8.Qd2 Qc7
9.O-O-O Nc6 10.g4 O-O 11.g5 Nd7 12.h4 Nxd4 13.Bxd4 Ne5 14.Qg2 b5 15.f4 Nc6
16.Be3 Bb7 17.h5 Rac8 18.Bd3 Nb4 19.g6 Bf6 20.gxh7+ Kxh7 21.a3 Nxd3+ 22.Rxd3 Qc4
23.Bd2 a5 24.b3 Qc5 25.b4 axb4 26.axb4 Qxb4 27.Rg1 Ra8 28.Kd1 Ra1+ 29.Ke2 Rxg1
30.Qxg1 Qc4 31.Kd1 Ra8 32.Qb6 Bxe4 33.Nxe4 Ra1+ 34.Bc1 Qxe4 35.Qxb5 Qh1+
36.Ke2 Rxc1  0-1

[Event "Mephisto (Women)"]
[Site "Hamburg"]
[Date "1990.??.??"]
[Round "10"]
[White "Trabert, Bettina"]
[Black "Jahn, Otilia"]
[Result "0-1"]
[WhiteElo "2205"]
[BlackElo "2240"]

1.e4 c5 2.Nf3 d6 3.d4 cxd4 4.Nxd4 Nf6 5.Nc3 a6 6.Be3 e5 7.Nf3 Qc7 8.a4 h6
9.a5 Be6 10.Be2 Nbd7 11.h3 Be7 12.Nd5 Nxd5 13.exd5 Bf5 14.c4 O-O 15.Rg1 Bh7
16.g4 e4 17.Nd4 Bg5 18.Qd2 Qd8 19.Ra3 Ne5 20.Nf5 Rc8 21.Qb4 Bxe3 22.Rxe3 Rc5
23.Rxe4 Rxa5 24.Kd2 Rc5 25.Qc3 b5 26.f4 b4 27.Qd4 Rxc4 28.Qe3 Rxe4 29.Qxe4 Qb6
30.Ra1 Bxf5 31.gxf5 Nd7 32.Rxa6 Qb8 33.Qc4 Nc5 34.Ra5 Re8 35.Rb5 Qa8 36.Bf3 Qa1
37.Bd1 Qxb2+ 38.Qc2 Ne4+  0-1

[Event "Harvard sim"]
[Site "Harvard"]
[Date "1990.??.??"]
[Round "?"]
[White "Karpov, Anatoly"]
[Black "Metrick, Andrew"]
[Result "1-0"]
[WhiteElo "2730"]
[BlackElo "2250"]

1.e4 c5 2.Nf3 d6 3.d4 cxd4 4.Nxd4 Nf6 5.Nc3 a6 6.Be3 e6 7.f4 Qc7 8.Qf3 b5
9.Bd3 Bb7 10.g4 b4 11.Nce2 d5 12.e5 Ne4 13.Ng3 Nc5 14.O-O Nbd7 15.Be2 g5
16.Nh5 O-O-O 17.a3 bxa3 18.Rxa3 Ne4 19.Rxa6 Bxa6 20.Bxa6+ Kb8 21.Bb5 Kc8
22.Nc6 Nb8 23.Nxd8 Kxd8 24.Bd3 gxf4 25.Qxf4 f5 26.Bxe4 dxe4 27.gxf5 Rg8+
28.Kh1 Qxc2 29.Ng3 Qxb2 30.Qh4+ Kc7 31.Qxh7+ Rg7 32.Qh8 Nd7 33.fxe6  1-0

[Event "Capablanca mem-B"]
[Site "Havana"]
[Date "1990.??.??"]
[Round "?"]
[White "Zapata, Alonso"]
[Black "Shneider, Aleksandr"]
[Result "1/2-1/2"]
[WhiteElo "2480"]
[BlackElo "2485"]

1.e4 c5 2.Nf3 d6 3.d4 cxd4 4.Nxd4 Nf6 5.Nc3 a6 6.Be3 e6 7.Qd2 b5 8.f3 Bb7
9.g4 h6 10.O-O-O Nbd7 11.Bd3 Ne5 12.Rhe1 Rc8 13.Kb1 b4 14.Na4 d5 15.exd5 Nxd5
16.Bf2 Bd6 17.Bf5  1/2-1/2

[Event "Helsinki op1"]
[Site "Helsinki"]
[Date "1990.??.??"]
[Round "1"]
[White "Nieminen, Kari"]
[Black "Sorri, Kari Juhani"]
[Result "1/2-1/2"]
[WhiteElo "2225"]
[BlackElo "2305"]

1.e4 c5 2.Nf3 d6 3.d4 cxd4 4.Nxd4 Nf6 5.Nc3 a6 6.Be3 Ng4 7.Bg5 h6 8.Bh4 g5
9.Bg3 Bg7 10.h3 Ne5 11.Qd2 Nbc6 12.Nb3 Na5 13.Nxa5 Qxa5 14.Nd5 Qxd2+ 15.Kxd2 Rb8
16.c3 Bd7 17.a4 Bc6 18.f3 f5 19.c4 Bd7 20.exf5 Bxf5 21.Be2 Nc6 22.Ra2 Na5
23.Re1 Nb3+ 24.Kd1 Kf7 25.Ra3 Nd4 26.Bd3 e6 27.Ne3 Bxd3 28.Rxd3 e5 29.Nc2 Nf5
30.Bf2 Rhd8 31.Nb4 Rbc8 32.Bb6 Rd7 33.b3 Nd4 34.Nd5 Ne6 35.Bf2 Nf4 36.Nxf4 gxf4
37.Rd5 Bf6 38.Re2 Ke6 39.Red2 Rc6 40.Ke2 b6 41.Kd3 Rg7 42.Bg1 Rb7 43.Ke4 Bd8
44.Kd3 Be7 45.Bf2 Rc8 46.Bg1 Rcb8 47.Ke4 Rc8 48.Re2 Bd8 49.Red2 Rd7 50.Bf2 Bc7
51.Bg1 Rb8 52.Rc2 Rb7 53.Bf2 Bb8 54.Be1 Rdc7 55.Bb4 Rc6 56.Rcd2 b5 57.axb5 axb5
58.Rxb5 Rxb5 59.cxb5 Rc1 60.Kd3 d5 61.b6 Kd7 62.Bf8 h5 63.Bg7 Kc6 64.Re2 Rd1+
65.Kc2 Rg1 66.Bxe5 Bxe5 67.Rxe5 Rxg2+ 68.Kd3 Rf2 69.Rxh5 Rxf3+ 70.Kd4 Rxb3
71.Rh6+  1/2-1/2

[Event "Jajce (Women)"]
[Site "Jajce"]
[Date "1990.??.??"]
[Round "10"]
[White "Erenska Radzewska, Hanna"]
[Black "Alexandria, Nana"]
[Result "1/2-1/2"]
[WhiteElo "2270"]
[BlackElo "2360"]

1.e4 c5 2.Nf3 d6 3.d4 cxd4 4.Nxd4 Nf6 5.Nc3 a6 6.Be3 e6 7.a4 Nc6 8.Be2 Be7
9.O-O O-O 10.Kh1 Qc7 11.f4 Re8 12.Bf3 Rb8 13.Qd2 Na5 14.Qf2 Nc4 15.Bc1 e5
16.Nde2 exf4 17.Nxf4 Be6 18.Be2 Ne5 19.Qg3 Rbc8 20.Be3 Qa5 21.Bd4 Bd8 22.Rad1 Bb6
23.Nxe6 Rxe6 24.Rxf6 Rxf6 25.Nd5 Bd8 26.Nxf6+ Bxf6 27.Qb3 Qc7 28.c3 g6 29.h3 h5
30.Rf1 Qe7 31.Qd5 Bg5 32.Bd1 Bh4 33.Bb3 Rf8 34.Bf2 Bxf2 35.Rxf2 Rd8 36.Qd2 a5
37.Qh6 b6 38.Bxf7+ Nxf7 39.Qxg6+ Kf8 40.Qxh5 Ke8 41.b4 Rd7 42.bxa5 bxa5 43.Qxa5 Qxe4
44.Qb5 Qb7 45.Qc4 Re7 46.Kh2 Ne5 47.Qd4 Qc7 48.Qd5 Qxc3 49.Qxd6 Ng4+ 50.hxg4 Rh7+
51.Kg1 Qe1+ 52.Rf1 Qe3+ 53.Rf2  1/2-1/2

[Event "Karl-Marx-Stadt"]
[Site "Karl-Marx-Stadt"]
[Date "1990.??.??"]
[Round "?"]
[White "Panchev, Pavel"]
[Black "Womacka, Mathias"]
[Result "0-1"]
[WhiteElo "2365"]
[BlackElo "2405"]

1.e4 c5 2.Nf3 d6 3.d4 cxd4 4.Nxd4 Nf6 5.Nc3 a6 6.Be3 e5 7.Nf3 Be7 8.a4 O-O
9.a5 Nbd7 10.Nd2 b5 11.axb6 Nxb6 12.Nc4 Nxc4 13.Bxc4 Be6 14.Qd3 Qb8 15.Bxe6 fxe6
16.O-O Qb7 17.Ra3 d5 18.Rb3 Qd7 19.Bg5 d4 20.Bxf6 Bxf6 21.Nb1 Qc6 22.Re1 a5
23.Na3 Be7 24.g3 Bb4 25.Re2 Rfc8 26.Qd1 Rab8 27.Nb1 a4 28.Rd3 Be7 29.c3 Bc5
30.Kg2 Rb7 31.f4 Rcb8 32.b4 axb3 33.fxe5 dxc3 34.Rxc3 Rb4 35.Qd3 Qb5 36.Qf3 Rf8
37.Qg4 Re8 38.Na3 Qb6 39.Nb1 Bf8 40.Rd3 b2 41.Rd7 Qc6 42.Rdd2 Qb6 43.Qh5 g6
44.Qf3 Qb7 45.Kh3 Bg7 46.Qc3 Rb8 47.Rc2 Qb5 48.Qc7 Qxe5 49.Qd7 Rf8 50.Rf2 Rbb8
51.Na3 Rxf2 52.Rxf2 Rf8 53.Rxf8+ Bxf8 54.Qb5 Qxb5  0-1

[Event "Katowice op"]
[Site "Katowice"]
[Date "1990.??.??"]
[Round "4"]
[White "Zyla, Janusz"]
[Black "Lukov, Valentin"]
[Result "0-1"]
[WhiteElo "2275"]
[BlackElo "2450"]

1.e4 c5 2.Nf3 d6 3.d4 cxd4 4.Nxd4 Nf6 5.Nc3 a6 6.Be3 e6 7.Qd2 b5 8.f3 Bb7
9.g4 h6 10.O-O-O Nbd7 11.Bd3 Qc7 12.Rhe1 Ne5 13.Kb1 b4 14.Nce2 d5 15.exd5 Nxd5
16.Bf4 Bd6 17.Bxe5 Bxe5 18.Be4 O-O 19.g5 Rfd8 20.gxh6 Nc3+ 21.bxc3 Bxe4 22.Qe3 Bg6
23.c4 Rac8 24.Rg1 Bxd4 25.Rxd4 Rxd4 26.Nxd4 e5 27.Nf5 Qxc4 28.Ne7+ Kh7 29.Nxc8 Qxc8
30.Rg2 gxh6 31.Qxe5 Qc4 32.Qe2 Qc6 33.Rf2 a5 34.Qd2 Qc5 35.Rg2 a4 36.Kc1 b3
37.axb3 axb3 38.Kb2 bxc2 39.Rxg6  0-1

[Event "Balkaniad-J"]
[Site "Kavala"]
[Date "1990.??.??"]
[Round "1"]
[White "Zetocha, Claudiu"]
[Black "Zygouris, Hristos"]
[Result "1-0"]
[WhiteElo "2330"]
[BlackElo "2295"]

1.e4 c5 2.Nf3 d6 3.d4 cxd4 4.Nxd4 Nf6 5.Nc3 a6 6.Be3 e5 7.Nb3 Be6 8.Qd2 Be7
9.f4 Ng4 10.f5 Bxb3 11.axb3 Nxe3 12.Qxe3 Nc6 13.Bc4 Nd4 14.Qf2 Bg5 15.O-O O-O
16.Nd5 b5 17.Bd3 a5 18.Qg3 Kh8 19.b4 f6 20.Qe1 Rc8 21.bxa5 Nxc2 22.Bxc2 Rxc2
23.Rf2 Qc8 24.Rxc2 Qxc2 25.a6 Ra8 26.Qc3 Qxe4 27.Qc6 Qd4+ 28.Kh1 Qa7 29.Qxa8+ Qxa8
30.a7  1-0

[Event "Balkaniad-J"]
[Site "Kavala"]
[Date "1990.??.??"]
[Round "5"]
[White "Dochev, Dimitar"]
[Black "Zygouris, Hristos"]
[Result "1/2-1/2"]
[WhiteElo "2305"]
[BlackElo "2295"]

1.e4 c5 2.Nf3 d6 3.d4 cxd4 4.Nxd4 Nf6 5.Nc3 a6 6.Be3 e5 7.Nf3 Qc7 8.a4 Be7
9.a5 O-O 10.Be2 Qc6 11.Nd5 Nxd5 12.exd5 Qe8 13.Nd2 f5 14.f4 exf4 15.Bxf4 g5
16.Bg3 f4 17.Bf2 Bf6 18.O-O Nd7 19.Nc4 Qe7 20.Bg4 Ne5 21.Nxe5 Bxe5 22.c3 Qf7
23.Re1 Bxg4 24.Qxg4 Qf5 25.Qxf5 Rxf5 26.Ra4 Rc8 27.Rb4 Rc7 28.Bb6 Rc8 29.Bf2  1/2-1/2

[Event "Kecskemet op"]
[Site "Kecskemet"]
[Date "1990.??.??"]
[Round "?"]
[White "Soos, Arpad"]
[Black "Loginov, Valery A"]
[Result "1/2-1/2"]
[WhiteElo "2305"]
[BlackElo "2505"]

1.e4 c5 2.Nf3 d6 3.d4 cxd4 4.Nxd4 Nf6 5.Nc3 a6 6.Be3 e5 7.Nb3 Be6 8.Be2 Be7
9.O-O O-O 10.a4 a5 11.f4 exf4 12.Bxf4 Nc6 13.Kh1 d5 14.exd5 Nxd5 15.Nxd5 Bxd5
16.Bf3 Bxf3 17.Qxf3 Qb6 18.Be3 Qb4 19.Bd2 Qh4 20.Bf4 Rad8 21.c3 h6 22.Nd2 Bd6
23.Nc4 Bxf4 24.Qxf4 Qxf4 25.Rxf4 Rd5 26.Nb6 Rd2 27.Nc4 Re2 28.Kg1 Rfe8 29.Kf1 R2e4
30.Rxe4 Rxe4 31.Nd6 Re7 32.Re1 Rd7 33.Re8+ Kh7 34.Nc4 Rd1+ 35.Re1 Rd5 36.Ke2 b5
37.axb5 Rxb5 38.Rd1 Rg5 39.Ne3 Rb5 40.Nc4 f6 41.Rd6  1/2-1/2

[Event "Kecskemet op"]
[Site "Kecskemet"]
[Date "1990.??.??"]
[Round "?"]
[White "Soos, Arpad"]
[Black "Vaulin, Alexander"]
[Result "0-1"]
[WhiteElo "2305"]
[BlackElo "2390"]

1.e4 c5 2.Nf3 d6 3.d4 cxd4 4.Nxd4 Nf6 5.Nc3 a6 6.Be3 e5 7.Nb3 Be6 8.Be2 Be7
9.O-O O-O 10.a4 Nc6 11.Kh1 Rc8 12.f4 exf4 13.Bxf4 Ne5 14.Nd4 Qb6 15.Rb1 Rfe8
16.Nxe6 fxe6 17.Bxe5 dxe5 18.Bd3 Rf8 19.Qe2 Qb4 20.h3 g6 21.g3 Kg7 22.Kg2 Rc7
23.Nd1 Qxa4 24.Nf2 h5 25.b3 Qc6 26.Qe3 Bc5 27.Qg5 Bd4 28.Rbe1 Nh7 29.Qc1 Qb6
30.Nh1 Rcf7 31.Rxf7+ Rxf7 32.Rf1 Be3 33.Rxf7+ Kxf7 34.Qf1+ Nf6 35.Nf2 Bxf2
36.Qxf2 Qd4 37.Qe1 g5 38.Qf2 Ke7 39.Qe1 Kf7 40.Qf2 a5 41.Qe1 b6 42.Qe2 Ke7
43.Qf2 g4 44.h4 Qb4 45.Qe3 Kd6 46.Qh6 Nd7 47.Bc4 Kc7 48.Kf1 a4 49.Qe3 a3
50.c3 Qf8+ 51.Ke1 a2 52.Qc1 Qa8 53.Qa1 Qxe4+  0-1

[Event "Kecskemet"]
[Site "Kecskemet"]
[Date "1990.??.??"]
[Round "5"]
[White "Tolnai, Tibor"]
[Black "Schlosser, Philipp"]
[Result "1/2-1/2"]
[WhiteElo "2490"]
[BlackElo "2465"]

1.e4 c5 2.Nf3 d6 3.d4 cxd4 4.Nxd4 Nf6 5.Nc3 a6 6.Be3 e5 7.Nb3 Be6 8.Qd2 Nbd7
9.f3 b5 10.O-O-O Be7 11.Kb1 O-O 12.g4 Nb6 13.h4 b4 14.Bxb6 Qxb6 15.Nd5 Bxd5
16.exd5 a5 17.Qd3 a4 18.Nd2 Rfc8 19.Ne4 Qc7 20.Rh2 Nxe4 21.fxe4 Ra5 22.g5 Qb6
23.Qf3 a3 24.Qf5 Rf8 25.Bc4 axb2 26.h5 Qc7 27.Bb3 Qc8 28.Qxc8 Rxc8 29.Rg2 Rf8
30.Rf1 Bd8 31.Kxb2 Bb6 32.c3 bxc3+ 33.Kxc3  1/2-1/2

[Event "Kherson"]
[Site "Kherson"]
[Date "1990.??.??"]
[Round "?"]
[White "Serebro, Alexsandr"]
[Black "Kruppa, Yuri"]
[Result "0-1"]
[WhiteElo "2290"]
[BlackElo "2485"]

1.e4 c5 2.Nf3 d6 3.d4 cxd4 4.Nxd4 Nf6 5.Nc3 a6 6.Be3 e5 7.Nb3 Be6 8.Qd2 Nbd7
9.f3 Be7 10.g4 h6 11.h4 b5 12.O-O-O Nb6 13.Qf2 Rb8 14.Nc5 Bc8 15.g5 Nh5 16.gxh6 g6
17.Nd3 Nc4 18.Ba7 Rb7 19.Nb4 Bf8 20.Bxc4 bxc4 21.Nbd5 Bxh6+ 22.Be3 Bxe3+
23.Qxe3 Be6 24.Qg5 Qb8 25.Rh2 Kf8 26.Rg2 Kg7 27.b3 cxb3 28.cxb3 Qd8 29.Kb2 a5
30.Qxd8 Rxd8 31.Rgd2 Rh8 32.Rh2 Kf8 33.Ne3 Ke7 34.Ned5+ Kd7 35.Na4 Ng7 36.Ne3 Rb5
37.Rd3 Ne8 38.Nc3 Rc5 39.Na4 Rc6 40.Rd1 Nf6 41.Nc3 Rb8 42.Rhd2 Ke7 43.Rc1 Kf8
44.Ned5 Nd7 45.Na4 Rxc1 46.Kxc1 f5 47.Kb2 Rc8 48.Ne3 Ke7 49.Rf2 f4 50.Nf1 Bf7
51.Nc3 Nf6 52.Nh2 Rh8 53.Ng4 Rxh4 54.Nxf6 Kxf6 55.Rd2 Ke7 56.Nb5 Rh3 57.Rd3 g5
58.Nxd6 Be6 59.Nc4 Bxc4 60.bxc4 g4 61.Rd5 Rxf3  0-1

[Event "JUG-ch (Women)"]
[Site "Kladovo"]
[Date "1990.??.??"]
[Round "?"]
[White "Mihevc, Narcisa"]
[Black "Micic, Snezana"]
[Result "1-0"]
[WhiteElo "2115"]
[BlackElo "2120"]

1.e4 c5 2.Nf3 d6 3.d4 cxd4 4.Nxd4 Nf6 5.Nc3 a6 6.Be3 e6 7.f3 b5 8.g4 h6 9.h4 b4
10.Nce2 e5 11.Nb3 d5 12.exd5 Qxd5 13.Qxd5 Nxd5 14.Bf2 f5 15.O-O-O Nf6 16.gxf5 Bxf5
17.Ng3 Bh7 18.Bd3 Bxd3 19.Rxd3 Nbd7 20.Re1 O-O-O 21.Nf5 g6 22.Nd6+ Bxd6 23.Rxd6 Kc7
24.Rxa6 Ra8 25.Rxa8 Rxa8 26.Kb1 Nd5 27.Bg3 Kd6 28.Nd2 Rc8 29.Re4 Ke6 30.f4 Kf5
31.fxe5 Re8 32.Rd4 Ke6 33.Rc4 Nxe5 34.Bxe5 Nb6 35.Rxb4  1-0

[Event "JUG-ch (Women)"]
[Site "Kladovo"]
[Date "1990.??.??"]
[Round "?"]
[White "Mihevc, Narcisa"]
[Black "Kokanovic, Ksenija"]
[Result "0-1"]
[WhiteElo "2115"]
[BlackElo "2165"]

1.e4 c5 2.Nf3 d6 3.d4 cxd4 4.Nxd4 Nf6 5.Nc3 a6 6.Be3 e5 7.Nb3 Be6 8.f3 Be7
9.Qd2 Nbd7 10.O-O-O O-O 11.g4 b5 12.h4 Nb6 13.Na5 Qc7 14.Kb1 d5 15.g5 d4
16.gxf6 dxe3 17.Qxe3 Bxf6 18.Nb3 b4 19.Ne2 Rfc8 20.Qc1 a5 21.Bh3 Bxh3 22.Rxh3 a4
23.Nd2 b3 24.cxb3 Qd7  0-1

[Event "POL-ch Girls U20"]
[Site "Konin"]
[Date "1990.??.??"]
[Round "1"]
[White "Lukasiewicz, Anna"]
[Black "Smiechowska, Joanna"]
[Result "1-0"]
[WhiteElo "2065"]
[BlackElo "2145"]

1.e4 c5 2.Nf3 d6 3.d4 cxd4 4.Nxd4 Nf6 5.Nc3 a6 6.Be3 e5 7.Nb3 Be6 8.Qd2 Qc7
9.O-O-O Nbd7 10.f4 Be7 11.Be2 Rc8 12.f5 Bc4 13.g4 d5 14.exd5 Bxd5 15.Rhg1 Bb4
16.g5 Bxb3 17.gxf6 Nxf6 18.cxb3 Bxc3 19.bxc3 Ne4 20.Qd3 Qxc3+ 21.Kb1 Qxd3+
22.Rxd3 Nc3+ 23.Rxc3 Rxc3 24.Bd2 Rh3 25.Rg2 Ke7 26.Bg5+ f6 27.Bc1 g6 28.Bc4 b5
29.Ba3+ Kd8 30.Be6 gxf5 31.Rc2 b4 32.Bxb4  1-0

[Event "POL-ch Girls U20"]
[Site "Konin"]
[Date "1990.??.??"]
[Round "8"]
[White "Turczynowicz, Jolanta"]
[Black "Smiechowska, Joanna"]
[Result "0-1"]
[WhiteElo "2060"]
[BlackElo "2145"]

1.e4 c5 2.Nf3 d6 3.d4 cxd4 4.Nxd4 Nf6 5.Nc3 a6 6.Be3 e5 7.Nb3 Be6 8.Qd2 Be7
9.f3 Qc7 10.g4 Nbd7 11.Nd5 Bxd5 12.exd5 Nb6 13.Bxb6 Qxb6 14.h4 Nd7 15.O-O-O O-O-O
16.Kb1 Kb8 17.Na5 Rhf8 18.Nc4 Qc7 19.Ne3 g6 20.Qe1 f5 21.gxf5 gxf5 22.Rg1 f4
23.Nc4 Rg8 24.Rxg8 Rxg8 25.Na5 Bd8 26.b4 Nb6 27.Rd3 Rg1 28.Qf2 Qg7 29.h5 Qg3
30.Qe2 Bh4 31.Rd1 Na4 32.Qd3 e4 33.Qd4 Qf2 34.Qh8+ Ka7 35.Qxh7 Qb6 36.a3 Bf6
37.Re1 Rg7 38.Qh6 Qd4 39.Kc1 Qb2+ 40.Kd2 Bc3+ 41.Kd1 Qb1+  0-1

[Event "RSFSR-ch"]
[Site "Kuibishev"]
[Date "1990.??.??"]
[Round "?"]
[White "Isupov, Vladimir"]
[Black "Obukhov, Alexander"]
[Result "1-0"]
[WhiteElo "2315"]
[BlackElo "2225"]

1.e4 c5 2.Nf3 d6 3.d4 cxd4 4.Nxd4 Nf6 5.Nc3 a6 6.Be3 e6 7.Be2 Be7 8.f4 O-O
9.Bf3 Nc6 10.O-O Rb8 11.Nxc6 bxc6 12.Na4 d5 13.e5 Nd7 14.c4 a5 15.Be2 Re8
16.Rc1 Bb7 17.cxd5 exd5 18.Rf2 Bf8 19.Bg4 Nf6 20.Bf3 Nd7 21.Ba7 Ra8 22.Bd4 Rb8
23.Bg4 Ba8 24.a3 Rb5 25.Rfc2 Qe7 26.Qd3 Reb8 27.Qh3 Rb3 28.Rc3 Rxc3 29.Rxc3 c5
30.Nxc5 Nxc5 31.Bxc5 Qb7 32.Bxf8 Rxf8 33.Rc2 Qb6+ 34.Kf1 Qd4 35.Qg3 Bb7 36.Be2 Ba6
37.Ke1 Qg1+ 38.Kd2 Qd4+ 39.Kc1 Qg1+ 40.Bd1 d4 41.Qf2 Qxh2 42.Qxd4 Qh4 43.Rd2 Bc8
44.Qe3 Bf5 45.b3 Qe7 46.Kb2 Rb8 47.Rd6 Qb7 48.Bf3 Qb5 49.Be2 Qb7 50.Bf3 Qb5
51.Rd5 Qf1 52.Rd1 Qb5 53.Rd5 Qf1 54.Rd1 Qb5 55.a4 Qb4 56.Qc3 Qxf4 57.Qxa5 g5
58.Rd8+ Rxd8 59.Qxd8+ Kg7 60.Qf6+ Kg8 61.Qd8+ Kg7 62.Qd6 h6 63.a5 g4 64.Bb7 Be6
65.Ka3 Qc1+ 66.Kb4 Qe1+ 67.Kb5 Qe2+ 68.Kb6 Qe3+ 69.Qc5 Qxb3+ 70.Kc7 Qd3 71.a6 Qd7+
72.Kb8 Qe8+ 73.Kc7 Qd7+ 74.Kb8 Qe8+ 75.Ka7 h5 76.g3 Kg8 77.Qd6 Bc4 78.Qf6 Kf8
79.Qh6+ Kg8 80.Qg5+ Kf8 81.Qxh5 Qe6 82.Qh8+ Ke7 83.Qc8 Bxa6 84.Qc7+ Ke8 85.Bxa6  1-0

[Event "Luxembourg op"]
[Site "Luxembourg"]
[Date "1990.??.??"]
[Round "8"]
[White "Motwani, Paul"]
[Black "Magerramov, Elmar"]
[Result "1/2-1/2"]
[WhiteElo "2470"]
[BlackElo "2500"]

1.e4 c5 2.Nf3 d6 3.d4 cxd4 4.Nxd4 Nf6 5.Nc3 a6 6.Be3 e6 7.Be2 Be7 8.O-O O-O
9.f4 Nc6 10.Bf3 Qc7 11.Nxc6 bxc6 12.Na4 Bb7 13.c4 c5 14.Nc3 Bc6 15.Qc2 Rfd8
16.Rad1 Rab8 17.g4 Qb7 18.b3 Ne8 19.g5 g6 20.Bg4 Bf8 21.f5 exf5 22.exf5 Nc7
23.Qf2 Re8 24.Bf4 Rbd8 25.fxg6 fxg6 26.Bxd6 Rxd6 27.Rxd6 Bxd6 28.Qf7+ Kh8
29.Qf6+ Kg8 30.Qf7+ Kh8 31.Qf6+ Kg8 32.Qxd6 Bg2 33.Rd1 Bf3 34.Bxf3 Qxf3 35.Qg3 Qf7
36.Nd5 Nxd5 37.cxd5 Qd7 38.d6 Re4 39.h3 a5 40.Qf3 Re5 41.Qg4 Rf5 42.Rd5 Kf8
43.Qe4 Rf7 44.Rd3 Rf5 45.h4 Rf7 46.Kg2 Kg8 47.Kg3 a4 48.Qe5 axb3 49.axb3 Rf5
50.Qe7 Qxe7 51.dxe7 Kf7 52.Rd7 Ke8 53.Rb7 Rf7 54.Rc7 Rxe7 55.Rxc5 Re3+ 56.Kg4 Rxb3
57.Rc7 Rb4+ 58.Kg3 Kf8 59.Rxh7 Kg8 60.Rd7 Ra4  1/2-1/2

[Event "Lyngby op"]
[Site "Lyngby"]
[Date "1990.??.??"]
[Round "9"]
[White "Beulen, Marcel"]
[Black "Sandler, Leonid"]
[Result "1/2-1/2"]
[WhiteElo "2235"]
[BlackElo "2325"]

1.e4 c5 2.Nf3 d6 3.d4 cxd4 4.Nxd4 Nf6 5.Nc3 a6 6.Be3 e6 7.Qd2 b5 8.f3 Bb7
9.g4 h6 10.h4 Nbd7 11.Rg1 g6 12.g5 hxg5 13.hxg5  1/2-1/2

[Event "Maribor"]
[Site "Maribor"]
[Date "1990.??.??"]
[Round "1"]
[White "Grosar, Aljosa"]
[Black "Vombek, Dani"]
[Result "1/2-1/2"]
[WhiteElo "2330"]
[BlackElo "2315"]

1.e4 c5 2.Nf3 d6 3.d4 cxd4 4.Nxd4 Nf6 5.Nc3 a6 6.Be3 e5 7.Nb3 Be6 8.f4 Qc7
9.f5 Bc4 10.Qf3 b5 11.O-O-O Nbd7 12.Kb1 Rc8 13.Bxc4 Qxc4 14.Rc1 Be7 15.g4 b4
16.Nd2 Qc7 17.Nd5 Nxd5 18.exd5 Qd8 19.Rcd1 h6 20.Ne4 Nf6 21.h4 Qc7 22.Rd2 Nxe4
23.Qxe4 Qc4 24.Qg2 Bd8 25.b3 Qb5 26.g5 h5 27.Qf2 Rc3 28.Re1 Kd7 29.Rdd1 Kc8
30.Bd2 Bb6 31.Qg2 Rc7 32.Be3 Bxe3 33.Rxe3 Kb7 34.Rd2 a5 35.Qf3 Qc5 36.Qe2 Kb6
37.Kb2 Kb7 38.Kb1 Kb6 39.Qf3 Qb5 40.Qf2 Ka6 41.Qf3 Qc5 42.Qf1+ Kb6 43.Qe2 Qb5
44.Qf3 Qc5 45.Qe2  1/2-1/2

[Event "Moscow4"]
[Site "Moscow"]
[Date "1990.??.??"]
[Round "?"]
[White "Dragojlovic, Andjelko"]
[Black "Kozlov, Vladimir N"]
[Result "1-0"]
[WhiteElo "2390"]
[BlackElo "2375"]

1.e4 c5 2.Nf3 d6 3.d4 cxd4 4.Nxd4 Nf6 5.Nc3 a6 6.Be3 e5 7.Nb3 Be7 8.f3 O-O
9.Qd2 b5 10.O-O-O Nbd7 11.Kb1 Bb7 12.g4 b4 13.Ne2 a5 14.g5 Ne8 15.h4 Nc7
16.h5 a4 17.Nbc1 d5 18.g6 d4 19.h6 fxg6 20.Nxd4 Nb6 21.hxg7 Rf7 22.Qh2 Rxg7
23.Nf5 Qxd1 24.Nxg7 h5 25.Bxb6 Kxg7 26.Bxc7  1-0

[Event "New York op"]
[Site "New York"]
[Date "1990.??.??"]
[Round "5"]
[White "Edelman, Daniel"]
[Black "Tukmakov, Vladimir B"]
[Result "0-1"]
[WhiteElo "2360"]
[BlackElo "2570"]

1.e4 c5 2.Nf3 d6 3.d4 cxd4 4.Nxd4 Nf6 5.Nc3 a6 6.Be3 e6 7.Qd2 b5 8.f3 Bb7
9.g4 h6 10.O-O-O Nbd7 11.Bd3 Ne5 12.Rhe1 Rc8 13.Kb1 Nfd7 14.f4 Nc4 15.Bxc4 Rxc4
16.Bg1 Be7 17.f5 e5 18.Nb3 Nf6 19.Qd3 O-O 20.Nd2 Rc8 21.h3 Qc7 22.Nd5 Bxd5
23.exd5 Qb7 24.Ne4 Rc4 25.Nxf6+ Bxf6 26.Re4 Rfc8 27.Rxc4 Rxc4 28.Re1 Bd8
29.c3 Bb6 30.Bxb6 Qxb6 31.Qe3 Qxe3 32.Rxe3 h5 33.Rg3 Kh7 34.Kc2 Rf4 35.b4 hxg4
36.hxg4 Kh6 37.Rh3+ Kg5 38.Rh7 Kf6 39.g5+ Kxg5 40.Rxg7+ Kf6 41.Rg8 Rf2+ 42.Kd3 Kxf5
43.Ke3 Rxa2 44.Rd8 e4 45.Rxd6 Ke5 46.Rd8 f5 47.Re8+ Kxd5 48.Rf8 Kc4 49.Rc8+ Kb3  0-1

[Event "Novi Sad ol (Men)"]
[Site "Novi Sad"]
[Date "1990.??.??"]
[Round "1"]
[White "Wedberg, Tom"]
[Black "Kuczynski, Robert"]
[Result "1/2-1/2"]
[WhiteElo "2480"]
[BlackElo "2480"]

1.e4 c5 2.Nf3 d6 3.d4 cxd4 4.Nxd4 Nf6 5.Nc3 a6 6.Be3 e5 7.Nb3 Be6 8.f3 Nbd7
9.g4 h6 10.Qd2 Be7 11.O-O-O b5 12.h4 Nb6 13.Bxb6 Qxb6 14.Nd5 Bxd5 15.exd5 a5
16.Qd3 Rb8 17.Nd2 Qc5 18.Ne4 Nxe4 19.Qxe4 a4 20.Kb1 b4 21.Bd3 a3 22.f4 exf4
23.Rde1 Rb7 24.g5 Kd8 25.Qxf4 hxg5 26.hxg5 Rxh1 27.Rxh1 Qxd5 28.Be4 Qd4 29.Rh8+ Kc7
30.Rc8+ Kb6 31.Rc6+ Ka7 32.Ra6+ Kb8 33.Ra8+ Kc7 34.Rc8+ Kb6 35.Rc6+  1/2-1/2

[Event "Novi Sad ol (Men)"]
[Site "Novi Sad"]
[Date "1990.??.??"]
[Round "4"]
[White "Grimaldi, Rene A"]
[Black "Khan, Mohd Omer"]
[Result "1/2-1/2"]
[WhiteElo "2280"]
[BlackElo "2300"]

1.e4 c5 2.Nf3 d6 3.d4 cxd4 4.Nxd4 Nf6 5.Nc3 a6 6.Be3 e6 7.Be2 Qc7 8.O-O Be7
9.f4 Nc6 10.Kh1 Bd7 11.Qe1 O-O 12.Rd1 b5 13.a3 e5 14.Nf5 Bxf5 15.exf5 Rfe8
16.g4 b4 17.axb4 Nxb4 18.g5 Nd7 19.Bf3 Rab8 20.Qf2 Bf8 21.Bg2 exf4 22.Bxf4 Ne5
23.Rd4 Qc5 24.Nd5 Nxc2 25.Rd2 Qxf2 26.Rfxf2 Nb4 27.Nxb4 Rxb4 28.Bd5  1/2-1/2

[Event "Novi Sad ol (Men)"]
[Site "Novi Sad"]
[Date "1990.??.??"]
[Round "6"]
[White "Cheah, Eric"]
[Black "Lhagvasuren, Cedendemberel"]
[Result "1-0"]
[WhiteElo "2270"]
[BlackElo "2385"]

1.e4 c5 2.Nf3 d6 3.d4 cxd4 4.Nxd4 Nf6 5.Nc3 a6 6.Be3 e6 7.f4 Qc7 8.Qf3 Nbd7
9.g4 Nc5 10.g5 Nfd7 11.Bg2 b5 12.a3 Bb7 13.Qf2 Be7 14.O-O O-O 15.Rae1 Rae8
16.Bc1 e5 17.Nf5 exf4 18.Bxf4 Ne5 19.Nd5 Bxd5 20.exd5 f6 21.Qg3 Bd8 22.gxf6 Bxf6
23.Bg5 Kh8 24.Nd4 Bxg5 25.Qxg5 Qa7 26.Kh1 Ncd3 27.cxd3 Qxd4 28.Qe7 Kg8 29.Qxd6 Nxd3
30.Rxe8 Rxe8 31.Qd7 Nf2+ 32.Rxf2 Re1+ 33.Rf1 Rxf1+ 34.Bxf1 Qe4+ 35.Kg1  1-0

[Event "Novi Sad ol (Men)"]
[Site "Novi Sad"]
[Date "1990.??.??"]
[Round "8"]
[White "Hurelbaatar, Chultemjamc"]
[Black "Kuczynski, Robert"]
[Result "1/2-1/2"]
[WhiteElo "2310"]
[BlackElo "2480"]

1.e4 c5 2.Nf3 d6 3.d4 cxd4 4.Nxd4 Nf6 5.Nc3 a6 6.Be3 e5 7.Nf3 Qc7 8.a4 Be7
9.Be2 O-O 10.O-O h6 11.h3 Be6 12.a5 Qc6 13.Qd2 Nbd7 14.Bd3 Rfd8 15.Rfd1 Nc5
16.Qe1 Rac8 17.Bxc5 dxc5 18.Nxe5 Qc7 19.Nc4 Rd4 20.b3 Re8 21.Qe3 Bf8 22.Nd2 g6
23.Nf3 Bg7 24.Ne2 Rdd8 25.Ra4 Bc8 26.Nc3 Nh5 27.Bc4 Rxd1+ 28.Nxd1 Bd7 29.Ra2 Bc6
30.Bd3 Qe7 31.Nd2 g5 32.Qf3 Nf4  1/2-1/2

[Event "Novi Sad ol (Men)"]
[Site "Novi Sad"]
[Date "1990.??.??"]
[Round "12"]
[White "Prie, Eric"]
[Black "Georgiev, Krum"]
[Result "1/2-1/2"]
[WhiteElo "2435"]
[BlackElo "2470"]

1.e4 c5 2.Nf3 d6 3.d4 cxd4 4.Nxd4 Nf6 5.Nc3 a6 6.Be3 e6 7.Qd2 Be7 8.f3 b5
9.g4 Nfd7 10.O-O-O Bb7 11.Qf2 Nc6 12.Kb1 Qc7 13.h4 Nc5 14.Nxc6 Qxc6 15.Bg5  1/2-1/2

[Event "Wch U26"]
[Site "Odessa"]
[Date "1990.??.??"]
[Round "4"]
[White "Atlas, Valeri"]
[Black "Balinov, Ilija"]
[Result "1/2-1/2"]
[WhiteElo "2420"]
[BlackElo "2265"]

1.e4 c5 2.Nf3 d6 3.d4 cxd4 4.Nxd4 Nf6 5.Nc3 a6 6.Be3 e6 7.a4 Be7 8.a5 Bd7
9.Be2 Nc6 10.Nb3 O-O 11.O-O Nb4 12.Qd2 Rc8 13.Bb6 Qe8 14.f3 e5 15.Nc1 Be6
16.Nd3 Nxd3 17.Qxd3 Nd7 18.Be3 f5 19.exf5 Rxf5 20.Nd5 Bd8 21.c4 Rf7 22.b4 Nf6
23.Nxf6+ Bxf6 24.Rac1 Rd7 25.Rfd1 Qf7 26.b5 Bd8 27.bxa6 bxa6 28.c5 dxc5 29.Qxa6 Rdc7
30.Rxc5 Rxc5 31.Bxc5 Bg5 32.Bc4 Re8 33.Bxe6 Rxe6 34.Qd3 Re8 35.Qd5 Qxd5 36.Rxd5 Ra8
37.Bb6 Bf6 38.Rd7 Kf8 39.Kf1 Ke8 40.Rb7 h5 41.Ke2 Bd8 42.Rxg7 Kf8 43.Rh7  1/2-1/2

[Event "Orange op"]
[Site "Orange"]
[Date "1990.??.??"]
[Round "6"]
[White "Strzelecki, Krzysztof"]
[Black "Ermenkov, Evgenij"]
[Result "0-1"]
[WhiteElo "2415"]
[BlackElo "2480"]

1.e4 c5 2.Nf3 d6 3.d4 cxd4 4.Nxd4 Nf6 5.Nc3 a6 6.Be3 e6 7.Be2 Qc7 8.f4 Be7
9.O-O O-O 10.Kh1 b5 11.Bf3 Bb7 12.e5 dxe5 13.fxe5 Nfd7 14.Bf4 b4 15.Nce2 Nc5
16.Ng3 Rd8 17.Nh5 Bf8 18.Bg5 Nc6 19.Bxc6 Bxc6 20.Qg4 Rxd4 21.Qxd4 Ne4 22.Bh4 Bc5
23.Qd1 Qxe5 24.Qg4 f5 25.Bf6 Qc7 26.Qxg7+ Qxg7  0-1